Wordt geladen...

Environmental Biology /

Bibliografische gegevens
Hoofdauteur: Trivedi, P. Rand
Andere auteurs: Gurdeep, Raj (Redacteur)
Taal:Undetermined
Gepubliceerd in: Delhi : Akashdeep , 1991,1998.
Onderwerpen:
LEADER 00690nam a2200181Ia 4500
001 130376
008 170722s9999 xx 000 0 und d
020 |a 817158232x 
100 |a Trivedi, P. Rand 
245 |a Environmental Biology / 
260 |a Delhi :  |b Akashdeep ,  |c 1991,1998. 
300 |a 392 p.  |c 23cms 
653 |a Environmental Biology 
700 |a Gurdeep, Raj  |e editor. 
942 |c GEN 
999 |c 122858  |d 122858 
952 |0 0  |1 0  |4 0  |6 G_55_N1N11  |7 0  |9 173714  |a LIB  |b LIB  |d 2017-08-12  |l 1  |o G:55 N1-N1;1  |p 241720  |r 2017-10-04  |s 2017-09-02  |v 650.00  |w 2017-08-12  |y GEN 
952 |0 0  |1 0  |4 0  |6 G_55_N1N11  |7 0  |9 173715  |a LIB  |b LIB  |d 2017-08-12  |l 1  |o G:55 N1-N1;1  |p 243415  |r 2017-10-23  |s 2017-10-10  |v 650.00  |w 2017-08-12  |y GEN